000 00571nam a22001817a 4500
005 20240131104201.0
008 240131b |||||||| |||| 00| 0 eng d
020 _a9781485126553
041 _aEnglish
082 _a347.1 VAN
100 _aVan Blerk, P
_lEnglish
245 _aPrecedents for Applications in Civil Proceedings /
_cP Van Blerk
250 _aFirst Edition
260 _aCape Town :
_bJuta and Company (Pty) Ltd,
_c2018
300 _bviii, 755 pages ;
_c25,5 cm.
650 _aLegal practice
_bLaw
942 _cBK
_6ALISON_BN_VRIES
999 _c1317
_d1317